000 00632cam a22002293a 4500
001 33045
003 PGUSA
005 20140828083720.0
008 100701s2010||||xxu|||||s|||||000 | eng d
040 _aPGUSA
_beng
042 _adc
050 4 _aSH
100 1 _aUnknown
245 1 4 _aThe Ranidae :
_bHow to breed, feed and raise the edible frog
_h[electronic resource] /
_cUnknown
260 _bProject Gutenberg,
_c2010
506 _aPublic domain in the USA.
516 _aElectronic text
653 _aFrog culture
830 0 _aProject Gutenberg
_v33045
856 4 0 _uhttp://www.gutenberg.org/ebooks/33045
942 _cEB
999 _c262300
_d262300